Práva spotrebiteľov v EÚ

Ochrana spotrebiteľa v EÚ. Slovensko ako budúca členská krajina musí implementovať európske smernice týkajúce sa tejto oblasti. Potrebné zmeny, ktoré treba urobiť. Problém dvojročnej záruky na tovar. Problém spotrebiteľských zmlúv. Slovensko zaostáva za krajinami V-4.

Gespeichert in:
Bibliographische Detailangaben
Format: Buchkapitel
Sprache:Slowakisch
Schlagworte:
Tags: Tag hinzufügen
Keine Tags, Fügen Sie das erste Tag hinzu!

MARC

LEADER 00000naa a2200000 4500
001 r049696
005 20231002114905.4
041 0 |a slo 
044 |a SK 
245 1 0 |a Práva spotrebiteľov v EÚ 
520 |a Ochrana spotrebiteľa v EÚ. Slovensko ako budúca členská krajina musí implementovať európske smernice týkajúce sa tejto oblasti. Potrebné zmeny, ktoré treba urobiť. Problém dvojročnej záruky na tovar. Problém spotrebiteľských zmlúv. Slovensko zaostáva za krajinami V-4. 
610 2 0 |a ochrana spotrebiteľa 
610 2 0 |a Európska únia 
610 2 0 |a Slovensko 
610 2 0 |a smernice 
610 2 0 |a záruka 
610 2 0 |a tovar 
610 2 0 |a zmluvy 
610 2 0 |a spotrebitelia 
610 2 0 |a zákony